000 00840nam a2200229 u 4500
001 000056063
005 20200120223217.0
008 130612s1990 ck gr 000 0 spa d
020 _a9586430006
041 0 _aspa
082 0 4 _aR 327.73098
_bG71
_221
245 1 0 _aLa Gran Colombia y los Estados Unidos de América :
_brelaciones diplomáticas, 1810-1831 /
_ccompiladores Luis Horacio López D. ; prólogo Julio Londoño Paredes.
250 _a1a. ed.
260 _aBogotá :
_bFundación Francisco de Paula Santander,
_c1990.
300 _a1 v.
490 0 _aBiblioteca de la Presidencia de la República.
_pAdministración Virgilio Barco.
650 1 7 _aHistoria
_2LEMB
650 2 7 _aDiplomacia
_2LEMB
650 2 7 _aIndependencia
_2LEMB
700 1 _aLópez Domínguez, Luis Horacio,
_ecomp.
700 1 _aLondoño Paredes, Julio,
_eprol.
999 _c5582
_d5582